MDQL
is popping MORE tags! Check the
thread
!
Quizzes
Events
Quiz Creation
Community
Videos
Private Events
Remove Ads
Sign In
Join for FREE
Feedback
Dark Mode
Quiz Categories
Sports
Geography
Music
Movies
Television
Just For Fun
Miscellaneous
History
Literature
Language
Science
Gaming
Entertainment
Religion
Holiday
For Kids
Quiz Lab
Recent
Popular Today
Quiz Kudos Today
Editor Picks
Curator Picks
Quizzes by...
Day
Popularity
Type
Ratings
Length
Year
Community
Subscriptions
Recent Discussions
Orange Saloon
Badges
Playlists
Quests
Create
Leaderboards
Showdown
Live 5
Trivia Bingo
Activity
Puzzle Library
Sporcle Events
Private Events
Virtual Trivia
Globe League
Become a Host
Pub Owners
SporcleCon
Opinionation
Our Games
Videos
Blog
Mobile Apps
Partnerships
Remove Ads and Go Orange
Feedback
Music
Pop Music
The Beatles
Song
Album
Lyrics
Bands
Singers
Artist
Clip
Rock
Rap
Classical
Billboard
Country Music
Kpop
Taylor Swift
Music
Pop Music
The Beatles
Song
Album
Lyrics
Bands
Singers
Artist
Clip
Rock
Rap
Classical
Billboard
Country Music
Kpop
Taylor Swift
Random Quiz
Search Sporcle
×
Quiz Lab
Quiz Lab
Music
Song
Type in answers that appear in a list
Type in answers that appear in a list
Classic
Best Score? Go Orange.
'Renegade' Lyrics Stats
Can you name the lyrics to the song 'Renegade' by Styx?
By
bakenator
9m
270 Questions
547 Plays
547 Plays
547 Plays
Comments
Comments
Give Quiz Kudos
Give Quiz Kudos
-
- Ratings
hide this ad
Replay
Link that replays current quiz
Next Quiz
Link to next quiz in quiz playlist
You Got
0%
They Got
Avg Score
87%
Avg Friend Score
Upgrade to see
Score Distribution
Jump to the score distribution portion of the page
Score
0/270
Timer
09:00
0
Plays Today
% Correct
I
99.3%
I
99.3%
I
99.3%
I
99.3%
I
99.3%
I
99.3%
the
98.9%
the
98.9%
the
98.9%
The
98.9%
the
98.9%
The
98.9%
the
98.9%
the
98.9%
the
98.9%
The
98.9%
the
98.9%
The
98.9%
the
98.9%
the
98.9%
the
98.9%
the
98.9%
the
98.9%
The
98.9%
the
98.9%
The
98.9%
the
98.9%
the
98.9%
The
98.9%
a-
98.2%
a
98.2%
a
98.2%
a
98.2%
a
98.2%
a
98.2%
renegade
97.6%
renegade
97.6%
renegade
97.6%
Mama,
96.7%
from
96.7%
from
96.7%
Mama,
96.7%
from
96.7%
mama,
96.7%
Mama,
96.7%
from
96.7%
Mama,
96.7%
from
96.7%
from
96.7%
Mama,
96.7%
oh,
96.5%
Oh,
96.3%
Oh,
96.3%
is
96.3%
is
96.3%
is
96.3%
Oh,
96.3%
is
96.3%
is
96.3%
is
96.3%
Oh,
96.3%
is
96.3%
is
96.3%
is
96.3%
Oh,
96.3%
I'm
95.8%
for
95.8%
an
95.8%
I'm
95.8%
for
95.8%
for
95.8%
for
95.8%
I'm
95.8%
for
95.8%
for
95.8%
long
95.6%
long.
95.6%
long.
95.6%
long
95.6%
long.
95.6%
in
95.4%
my
95.4%
law.
95.4%
my
95.4%
my
95.4%
my
95.4%
in
95.4%
my
95.4%
law.
95.4%
and
95.2%
% Correct
and
95.2%
and
95.2%
and
95.2%
and
95.2%
and
95.2%
and
95.2%
And
95.2%
of
94.5%
me.
94.5%
of
94.5%
me
94.5%
me.
94.5%
of
94.5%
me.
94.5%
of
94.5%
me.
94.5%
life
94.3%
life
94.3%
it
93.9%
it
93.9%
it
93.9%
fear
93.8%
fear
93.8%
had
93.4%
had
93.4%
had
93.4%
had
93.4%
have
93.2%
very
93.2%
up,
93.2%
made
93.2%
have
93.2%
very
93.2%
up,
93.2%
made
93.2%
have
93.2%
have
93.2%
very
93.2%
up,
93.2%
made
93.2%
down
92.8%
down
92.8%
down
92.8%
comin'
92.6%
comin'
92.6%
comin'
92.6%
don't
92.3%
don't
92.3%
don't
92.3%
don't
92.3%
don't
92.3%
so
91.9%
you
91.9%
so
91.9%
you
91.9%
so
91.9%
arm
91.5%
found
91.5%
found
91.5%
arm
91.5%
found
91.5%
can
91.4%
finally
91.4%
can
91.4%
finally
91.4%
finally
91.4%
gallows
91.2%
gallows
91.2%
gallows
91.2%
all
90.3%
all
90.3%
to
89.9%
to
89.9%
to
89.9%
to
89.9%
hear
89.5%
hear
89.5%
out.
89.3%
out.
89.3%
out.
89.3%
Hangman
89.2%
jig
89.2%
man.
89.2%
Hangman
89.2%
jig
89.2%
man.
89.2%
Hangman
89.2%
jig
89.2%
man.
89.2%
man.
89.2%
% Correct
alone.
88.4%
alone.
88.4%
who
88.2%
who
88.2%
who
88.2%
cryin',
87.9%
cryin',
87.9%
home.
87.3%
scared
87.3%
scared
87.3%
far
86.8%
end
86.4%
end
86.4%
end
86.4%
wanted
86.2%
wanted
86.2%
wanted
86.2%
wanted
86.2%
be
86%
be
86%
you're
85.3%
you're
85.3%
bounty.
84.4%
bounty.
84.4%
bounty.
84.4%
They've
84%
They've
84%
They've
84%
news
83.5%
news
83.5%
news
83.5%
running
80.9%
put
80%
Lawman
79.6%
Lawman
79.6%
has
78.5%
on
77%
on
77%
on
77%
will
76.1%
will
76.1%
will
76.1%
today
75.4%
today
75.4%
today
75.4%
go
75%
go
75%
go
75%
go,
75%
this
73.3%
this
73.3%
Never
70.4%
Never
70.4%
Never
70.4%
no.
70.2%
dead
68.8%
dead.
68.8%
head.
67.8%
sure
63.2%
I've
62.5%
see
62.1%
price
61.8%
them
61.8%
high
61.4%
or
61%
been
60.7%
more
59%
more
59%
more
59%
alive.'
58.6%
astray,
57.7%
astray,
57.7%
astray,
57.7%
he'll
55.5%
'Get
55.1%
wanna
55%
it's
54.8%
lam
53.7%
him
53.5%
retrieved
52.8%
retrieved
52.8%
retrieved
52.8%
said,
52.2%
let
51.1%
take
47.8%
Dear,
47.6%
Now
46.5%
judge
44.9%
revenge
40.3%
years
36.8%
Quiz Playlist
Details
Report
Send in Message
Add To Playlist
Classic:
Type in answers that appear in a list
Last Updated: Jul 27, 2017
Quiz Scoreboard
CHALLENGE
Sign Up to Join the Scoreboard
Show All
Scores
Hide
Comments
May contain spoilers
Recently Published
5x2 Blitz: Bands
by SL_Kpop136
Music
30s
Colored Red Africa Blitz
by spor1
Geography
30s
Find the 'City' Movie
by crazypaving
Movies
60s
More to Explore
Quiz From the Vault
Featured Blog Post
14 Easter Pick-up Lines to Find Eggs With
hide this ad
You Might Also Like...
Tags
Song Quiz
renegade
Styx
Today's Top Quizzes in Music
Browse Music
hide this ad
Today's Top Quizzes in Song
Browse Song
Top Contributed Quizzes in Music
1
5X2 Blitz: Bands II
2
Taylor Swift Logic Puzzle II
3
Taylor Swift All Songs (2024)
4
5X2 Blitz: The Beatles
5
5X2 Blitz: Billboard
6
5X2 Blitz: Singers
7
5X2 Blitz: Album
8
5X2 Blitz: Rock
9
Music Artist by Three 2010s hits
10
5X2 Blitz: Billboard II
Explore More
Trending Topics
Harry Potter
NBA
Kpop
Disney
Anime
Crossword
Marvel
Pokémon
WWE
Puzzle
Song
Country
The Office
NFL
Soccer
hide this ad
More By:
bakenator
Quiz
Plays
Rating
Category
Featured
Created
Smallest Countries per Number of Borders
41,581
4.28
Geography
Aug 23, 2014
Family Butler Logic Problem
620
4.78
Just For Fun
Jul 17, 2020
Disney Hero by Villain
599
4.42
Movies
Jan 3, 2014
'Renegade' Lyrics
547
5.00
Music
Mar 23, 2017
Tom Cruise Movies in Order
387
4.75
Movies
Apr 9, 2020
Go to Creator's Profile
Score Distribution
Quiz Creator Spotlight
bakenator
Follow
Send a Message
Quizzes Created
-
Created Quiz Play Count
-
More By This Creator
Popular Quizzes Today
1
Find the 'City' Movie
2
5x2 Blitz: Bands
3
Colored Red Africa Blitz
4
Find the US States - No Outlines Minefield
5
The Countries of the World
6
Find the US States
7
9x9 Crossword: Cartoon Network
8
US States
More Music Quizzes
Name the lyrics to Morgan Wallen's 865
Quiz Lab
Trending Quizzes
Colored Red Europe Blitz I
Colored Red Africa Blitz II
Colored Red Europe Blitz III
Colored Red Europe Blitz II
Colored Red Africa Blitz III
Recently Updated
Champions League XIs: Real Madrid
pecheneg
Largest US Cities 1790-2010
pecheneg
Rides in Walt Disney World
pecheneg
Most Oscar Losses (Acting)
pecheneg
Beyoncé Albums
pecheneg
Leaping Animals
pecheneg
Reality TV Shows (A-Z)
bhenderson79
Rickey Henderson's Hall of Fame Teammates
pecheneg
Champions League XIs: Arsenal
pecheneg
Quick Pick: Celebrities in WWE's Hall of Fame
aduchscher
Trending Topics
Harry Potter
Kpop
NBA
Crossword
Marvel
Anime
Disney
Soccer
Song
NFL
Puzzle
Pokémon
WWE
The Office
Country
Your Account Isn't Verified!
In order to create a playlist on Sporcle, you need to verify the email address you used during registration. Go to your
Sporcle Settings
to finish the process.
Report this User
Report this user for behavior that violates our
Community Guidelines
.
Details:
Send Report
Go to the Sporcle.com Mobile Site →
Comments